000
00284nam a22001337a 4500
020
_a
81-7176-255-7
082
_a
823
245
_a
JONCE MURZELLO
260
_a
MUMBAI
_b
PAULINE
300
_a
24
520
_a
ENGLISH SHORT STORY
650
_a
ENGLISH SHORT STORY
_z
MUMBAI
942
_c
BK
999
_c
5979
_d
5979